| 000 | 00553nam a2200193Ia 4500 | ||
|---|---|---|---|
| 003 | GCL | ||
| 008 | 140319s9999 xx 000 0 eng d | ||
| 040 |
_aGCL / _cGCL |
||
| 082 | 0 | 4 |
_a425 _bM E |
| 100 | 1 | _aMURPHY, RAYMOND | |
| 245 | 1 | 0 |
_aESSENTIAL GRAMMAR IN USE: A REFERENCE AND PRACTICE BOOK FOR ELEMENTARY STUDENTS OF ENGLISH / _cMURPHY, RAYMOND |
| 260 |
_a[S.N] : _bCAMBRIBGE UNIVERSITY PRESS ، _c1993 |
||
| 300 | _a229 P | ||
| 650 | 0 | 4 | _aTEACHING |
| 650 | 0 | 4 | _aGRAMMAR |
| 650 | 0 | 4 | _aENGLISH LANGUAGE |
| 650 | 0 | 4 | _aLANGUAGES |
| 942 |
_2ddc _cBK |
||
| 999 |
_c25536 _d25536 |
||